000 00605nam a22002297a 4500
003 UA-OsUOA
001 88931
007 ta
008 20121022b un ||||| |||| 00| 0 ukr d
100 _aГалан А.
090 _a821.161.2
_bГ15
942 _cBK
040 _aUA-OsUOA
_bukr
_cUA-OsUOA
_dUA-OsUOA
245 _aПригоди Рубенса
_bповість
300 _a118 с.
955 _a3
041 _aukr
080 _a821.161.2
260 _aВінніпег
_bТризуб
_c1968
650 7 _a82 Література. Літературознавство
_2UDC
999 _c375185
_d375185